| 000 | 00674nam a2200193 a 4500 | ||
|---|---|---|---|
| 001 | 000010377 | ||
| 005 | 20200929162226.0 | ||
| 008 | 091006s1989 dr 000 p spa d | ||
| 040 |
_aDO-SdBNP _bspa _cBNPHU |
||
| 082 |
_aPR861.44 _bG216p |
||
| 100 | 1 |
_aGarcía Carrasco, Félix _918191 |
|
| 245 | 1 | 0 |
_aPuerto Rico en mi carne : _bun canto, cinco poemas y veinte sonetos / _cFélix García Carrasco. |
| 260 |
_aPuerto Rico : _b[s.n.] ; _aSanto Domingo : _bTaller, _c1989. |
||
| 300 |
_a64 p. ; _c23 cm. |
||
| 590 | _aInventariado, 2018/BT | ||
| 650 | 4 |
_aPoesía puertorriqueña _91015 |
|
| 650 | 4 |
_aLiteratura puertorriqueña _9250 |
|
| 910 | _aValidado. Control de calidad. MFF | ||
| 999 |
_c10136 _d10136 |
||